| 000 | 00630nam a2200193Ia 4500 | ||
|---|---|---|---|
| 008 | 151119s9999||||xx |||||||||||||| ||und|| | ||
| 082 | _a181.4 | ||
| 082 | _bGKKV14349 | ||
| 100 | _aखैर ग श्री | ||
| 245 | _aसदाचार चिंतनी भाग २ | ||
| 260 | _aपुणे | ||
| 260 | _bपुणे विद्यार्थीगृह | ||
| 260 | _c0 | ||
| 600 | _aखैर ग श्री | ||
| 630 | _aसदाचार चिंतनी भाग २ | ||
| 700 | _aखैर ग श्री | ||
| 730 | _aसदाचार चिंतनी भाग २ | ||
| 942 | _cBOOK | ||
| 999 |
_c1067882 _d1067879 |
||